مكتبة جامعة عجلون الوطنية

فهرس بحث المكتبة

Normal view MARC view
  • الاستثمار - المصارف الاسلامية- المقاولات

Entry Topical Term

Number of records used in: 1

001 - CONTROL NUMBER

  • control field: 58897

003 - CONTROL NUMBER IDENTIFIER

  • control field: JO-AjAnu

005 - DATE AND TIME OF LATEST TRANSACTION

  • control field: 20230606083633.0

008 - FIXED-LENGTH DATA ELEMENTS

  • fixed length control field: 230606|| aca||aabn | a|a d

040 ## - CATALOGING SOURCE

  • Original cataloging agency: JO-AjAnu
  • Transcribing agency: JO-AjAnu

150 ## - HEADING--TOPICAL TERM

  • Topical term or geographic name entry element: الاستثمار - المصارف الاسلامية- المقاولات

670 ## - SOURCE DATA FOUND

  • Source citation: Work cat.: (JO-AjAnu)30044: اعداد أبو عبيلة، رافع عبدالله؛ إشراف فخري ابو صفية, author 58896, اثر صيغ الاستثمار في المصارف الاسلامية الاردنية على تمويل قطاع المقاولات: دراسة ميدانية =The Impact Of Investment Transactions In Jordanian Islamic banks On Financing Contracting Sector: A Fied Study